Longest One-Syllable Words - Statistics

General Stats
  • This quiz has been taken 44 times
  • The average score is 3 of 8
Answer Stats
Definition Length Answer % Correct
Scraped with claws or nails 9 Scratched
74%
Plural of a run of five in poker 9 Straights
60%
Extended in length 9 Stretched
53%
Cried out piercingly 9 Screeched
51%
Characteristics that make one powerful 9 Strengths
44%
Squeezed together tightly, crumpled 9 Scrunched
35%
Stole, swiped, scavenged 9 Scrounged
5%
Stamped on to crush, quelled 9 Squelched
0%
No matching quizzes found
Score Distribution
Percent of People with Each Score
Percentile by Number Answered
Your Score History
You have not taken this quiz